American history : The modern era since 1865

Saved in:
Bibliographic Details
Main Author: Ritchie, Donald A.
Format: Book
Language:Undetermined
Published: New York Glencoe/McGraw-Hill 1999
Subjects:
Tags: Add Tag
No Tags, Be the first to tag this record!
Institutions: Trung tâm Học liệu Trường Đại học Cần Thơ
LEADER 00554nam a2200217Ia 4500
001 CTU_116574
008 210402s9999 xx 000 0 und d
082 |a 973.9 
082 |b R598 
100 |a Ritchie, Donald A. 
245 0 |a American history : 
245 4 |b The modern era since 1865 
245 0 |c Donald A. Ritchie 
260 |a New York 
260 |b Glencoe/McGraw-Hill 
260 |c 1999 
650 |a United states 
650 |x History 
650 |y 1865- 
904 |i Giang 
980 |a Trung tâm Học liệu Trường Đại học Cần Thơ